[Event "5th EKA IIFL Investment 2019"]
[Site "Mumbai"]
[Date "2020.01.06"]
[Round "8.34"]
[White "Vasquez Schroeder, Rodrigo"]
[Black "Raahul V S"]
[Result "1/2-1/2"]
[WhiteElo "2487"]
[BlackElo "2252"]
[Annotator "RC"]
[PlyCount "80"]
[EventDate "2019.12.30"]
[EventType "swiss"]
[EventCountry "IND"]
[SourceTitle "playchess.com"]
[Source "ChessBase"]
[SourceQuality "1"]
[TimeControl "40/5400+30:1800+30"]

1. d4 {[%emt 0:00:12]} d5 {[%emt 0:00:00]} 2. c4 {[%emt 0:00:49]} c6 {[%emt 0:00:00]} 3. Nf3 {[%emt 0:00:18]} Nf6 {[%emt 0:00:00]} 4. e3 {[%emt 0:00:34]} e6 {[%emt 0:00:16]} 5. Bd3 {[%emt 0:01:45]} Nbd7 {[%emt 0:00:29]} 6. O-O {[%emt 0:00:34]} dxc4 {[%emt 0:02:19]} 7. Bxc4 {[%emt 0:00:08]} Bd6 {[%emt 0:00:02]} 8. a3 {[%emt 0:04:48]} O-O {[%emt 0:01:01]} 9. Nc3 {[%emt 0:00:06]} e5 {[%emt 0:01:32]} 10. Ba2 {[%emt 0:01:38]} Qc7 {[%emt 0:03:36]} 11. h3 {[%emt 0:01:33]} h6 {[%emt 0:03:20]} 12. Qc2 {[%emt 0:02:30]} Re8 {[%emt 0:03:23]} 13. Rd1 {[%emt 0:01:37]} Nf8 {[%emt 0:07:31]} 14. Ne4 {[%emt 0:06:39]} Nxe4 {[%emt 0:03:10]} 15. Qxe4 {[%emt 0:00:04]} Bd7 {[%emt 0:01:32]} 16. dxe5 {[%emt 0:02:42]} Bxe5 {[%emt 0:00:06]} 17. Nxe5 {[%emt 0:00:19]} Rxe5 {[%emt 0:03:44]} 18. Qf4 {[%emt 0:00:40]} Be6 {[%emt 0:03:01]} 19. Bb1 {[%emt 0:09:23]} Bb3 {[%emt 0:02:09]} 20. Re1 {[%emt 0:00:57]} Qa5 {[%emt 0:02:44]} 21. Qb4 {[%emt 0:02:58]} Rd8 {[%emt 0:00:55]} 22. Qxa5 {[%emt 0:02:16]} Rxa5 {[%emt 0:01:40]} 23. Ba2 {[%emt 0:00:26]} Rb5 {[%emt 0:01:47]} 24. e4 {[%emt 0:08:43]} Ne6 {[%emt 0:01:32]} 25. Be3 {[%emt 0:00:19]} Bxa2 {[%emt 0:01:38]} 26. Rxa2 {[%emt 0:00:02]} Rb3 {[%emt 0:00:04]} 27. Kf1 {[%emt 0:03:04]} c5 {[%emt 0:00:51]} 28. Ke2 {[%emt 0:00:51]} Nd4+ {[%emt 0:00:46]} 29. Bxd4 Rxd4 {[%emt 0:00:37]} 30. f3 {[%emt 0:00:37]} Rbd3 {[%emt 0:00:32]} 31. Kf2 {[%emt 0:02:35]} Rd2+ {[%emt 0:01:04]} 32. Re2 {[%emt 0:01:23]} Rd1 {[%emt 0:00:04]} 33. b3 {[%emt 0:00:46]} b5 {[%emt 0:03:02]} 34. Rec2 {[%emt 0:01:09]} Rb1 {[%emt 0:01:36]} 35. Rc3 {[%emt 0:06:03]} a5 {[%emt 0:06:04]} 36. Ke3 {[%emt 0:02:43]} Rd8 {[%emt 0:02:46]} 37. Rxc5 {[%emt 0:02:55]} Rxb3+ {[%emt 0:00:02]} 38. Kf4 {[%emt 0:00:06]} a4 {[%emt 0:01:29]} 39. h4 {[%emt 0:00:52]} Rdd3 {[%emt 0:01:22]} 40. h5 {[%emt 0:00:00]} Rdc3 {[%emt 0:00:00]} 1/2-1/2

[Event "5th EKA IIFL Investment 2019"]
[Site "Mumbai"]
[Date "2020.01.06"]
[Round "8.35"]
[White "Vatsal Singhania"]
[Black "Konguvel, Ponnuswamy"]
[Result "1/2-1/2"]
[WhiteElo "2252"]
[BlackElo "2367"]
[Annotator "ChessBase"]
[PlyCount "90"]
[EventDate "2019.12.30"]
[EventType "swiss"]
[EventCountry "IND"]
[SourceTitle "playchess.com"]
[Source "ChessBase"]
[SourceQuality "1"]
[TimeControl "40/5400+30:1800+30"]

1. e4 {[%emt 0:02:53]} c5 {[%emt 0:00:00]} 2. Nf3 {[%emt 0:00:06]} d6 {[%emt 0:00:22]} 3. d4 {[%emt 0:00:39]} cxd4 {[%emt 0:00:07]} 4. Nxd4 {[%emt 0:00:06]} Nf6 {[%emt 0:00:05]} 5. Nc3 {[%emt 0:00:07]} e6 {[%emt 0:00:40]} 6. Be2 {[%emt 0:00:06]} a6 {[%emt 0:00:56]} 7. O-O {[%emt 0:00:07]} Be7 {[%emt 0:00:23]} 8. f4 {[%emt 0:00:13]} O-O {[%emt 0:00:29]} 9. Be3 {[%emt 0:00:04]} Nc6 {[%emt 0:00:19]} 10. a4 {[%emt 0:00:04]} Qc7 {[%emt 0:00:45]} 11. Kh1 {[%emt 0:00:05]} Bd7 {[%emt 0:00:45]} 12. Nb3 {[%emt 0:00:05]} b6 {[%emt 0:00:29]} 13. g4 {[%emt 0:00:10]} Bc8 {[%emt 0:01:15]} 14. g5 {[%emt 0:00:07]} Nd7 {[%emt 0:00:04]} 15. Bf3 {[%emt 0:00:03]} Re8 {[%emt 0:00:13]} 16. Bg2 {[%emt 0:00:04]} Bf8 {[%emt 0:00:58]} 17. Rf3 {[%emt 0:00:08]} Rb8 {[%emt 0:01:35]} 18. Rh3 {[%emt 0:00:32]} g6 {[%emt 0:00:05]} 19. Qe1 {[%emt 0:00:38]} Bg7 {[%emt 0:00:06]} 20. Qf2 {[%emt 0:00:04]} Ne7 {[%emt 0:04:31]} 21. Rf1 {[%emt 0:01:00]} f5 {[%emt 0:02:06]} 22. Bd4 {[%emt 0:25:51]} e5 {[%emt 0:03:33]} 23. fxe5 {[%emt 0:02:27]} dxe5 {[%emt 0:03:30]} 24. exf5 {[%emt 0:03:05]} Nxf5 {[%emt 0:03:45]} 25. Bd5+ {[%emt 0:00:50]} Kh8 {[%emt 0:01:20]} 26. Be3 {[%emt 0:06:51]} Bb7 {[%emt 0:11:24]} 27. Qg2 {[%emt 0:01:29]} Nf8 {[%emt 0:06:23]} 28. Bg1 {[%emt 0:02:34]} Ne6 {[%emt 0:08:53]} 29. Bxb7 {[%emt 0:02:10]} Qxb7 {[%emt 0:03:00]} 30. Qxb7 {[%emt 0:00:05]} Rxb7 {[%emt 0:00:02]} 31. Ne4 {[%emt 0:00:02]} Rc7 {[%emt 0:02:38]} 32. Rc3 {[%emt 0:02:42]} Rxc3 {[%emt 0:02:22]} 33. bxc3 {[%emt 0:00:05]} b5 {[%emt 0:10:32]} 34. axb5 {[%emt 0:00:09]} axb5 {[%emt 0:00:02]} 35. Rb1 {[%emt 0:02:17]} Bf8 {[%emt 0:06:03]} 36. Nbd2 {[%emt 0:02:09]} Rb8 {[%emt 0:07:10]} 37. Nc4 {[%emt 0:01:29]} Rd8 {[%emt 0:14:49]} 38. Nxe5 {[%emt 0:04:39]} Rd5 {[%emt 0:00:07]} 39. Nd3 {[%emt 0:00:08]} Be7 {[%emt 0:01:19]} 40. Nf6 {[%emt 0:00:00]} Bxf6 {[%emt 0:00:00]} 41. gxf6 {[%emt 0:07:37]} Kg8 {[%emt 0:00:08]} 42. Re1 {[%emt 0:00:07]} Kf7 {[%emt 0:05:52]} 43. Rxe6 {[%emt 0:00:17]} Rxd3 {[%emt 0:00:04]} 44. cxd3 {[%emt 0:00:04]} Kxe6 {[%emt 0:00:04]} 45. Bc5 {[%emt 0:00:04]} Ke5 1/2-1/2

[Event "5th EKA IIFL Investment 2019"]
[Site "Mumbai"]
[Date "2020.01.06"]
[Round "8.36"]
[White "Varun, V."]
[Black "Audi Ameya"]
[Result "1-0"]
[WhiteElo "2256"]
[BlackElo "2360"]
[Annotator "RC"]
[PlyCount "129"]
[EventDate "2019.12.30"]
[EventType "swiss"]
[EventCountry "IND"]
[SourceTitle "playchess.com"]
[Source "ChessBase"]
[SourceQuality "1"]
[TimeControl "40/5400+30:1800+30"]

1. d4 {[%emt 0:11:50]} Nf6 {[%emt 0:00:00]} 2. Bf4 {[%emt 0:00:07]} b6 {[%emt 0:00:00]} 3. e3 {[%emt 0:00:32]} Bb7 {[%emt 0:00:00]} 4. Nf3 {[%emt 0:00:05]} d6 {[%emt 0:00:03]} 5. h3 {[%emt 0:00:26]} Nbd7 {[%emt 0:00:05]} 6. Be2 {[%emt 0:00:05]} g6 {[%emt 0:00:07]} 7. O-O {[%emt 0:00:06]} Bg7 {[%emt 0:00:02]} 8. a4 {[%emt 0:00:26]} a6 {[%emt 0:13:25]} 9. c3 {[%emt 0:00:14]} O-O {[%emt 0:00:09]} 10. Nbd2 {[%emt 0:00:02]} Re8 {[%emt 0:01:14]} 11. Bh2 {[%emt 0:00:13]} e5 {[%emt 0:06:34]} 12. dxe5 {[%emt 0:00:48]} dxe5 {[%emt 0:03:11]} 13. Nc4 {[%emt 0:00:09]} Ne4 {[%emt 0:00:40]} 14. Nfd2 {[%emt 0:00:19]} Nxd2 {[%emt 0:04:43]} 15. Qxd2 {[%emt 0:00:07]} Qg5 {[%emt 0:01:13]} 16. f3 {[%emt 0:03:06]} Nc5 {[%emt 0:02:07]} 17. Qc2 {[%emt 0:00:58]} Bc6 {[%emt 0:09:07]} 18. b3 {[%emt 0:01:36]} Qe7 {[%emt 0:11:28]} 19. e4 {[%emt 0:02:05]} Ne6 {[%emt 0:04:33]} 20. Rfd1 {[%emt 0:02:53]} Nf4 {[%emt 0:04:35]} 21. Bf1 {[%emt 0:08:06]} Qg5 {[%emt 0:02:10]} 22. Kh1 {[%emt 0:01:44]} Nh5 {[%emt 0:00:04]} 23. Qf2 {[%emt 0:04:44]} Qf6 {[%emt 0:05:37]} 24. Ne3 {[%emt 0:03:31]} Nf4 {[%emt 0:02:18]} 25. Bc4 {[%emt 0:02:49]} Bf8 {[%emt 0:03:01]} 26. b4 {[%emt 0:04:42]} b5 {[%emt 0:02:54]} 27. Bd5 {[%emt 0:12:31]} h5 {[%emt 0:03:50]} 28. Bxc6 {[%emt 0:01:06]} Qxc6 {[%emt 0:00:03]} 29. Bxf4 {[%emt 0:00:09]} exf4 {[%emt 0:00:04]} 30. Nd5 {[%emt 0:00:07]} bxa4 {[%emt 0:07:33]} 31. Qa2 {[%emt 0:03:09]} Red8 {[%emt 0:00:12]} 32. Rd4 {[%emt 0:02:52]} Rab8 {[%emt 0:04:48]} 33. Rc4 {[%emt 0:00:59]} Qe6 {[%emt 0:01:53]} 34. Rxc7 {[%emt 0:01:43]} a5 {[%emt 0:00:33]} 35. Qxa4 {[%emt 0:01:33]} axb4 {[%emt 0:00:02]} 36. cxb4 {[%emt 0:00:09]} Qe5 {[%emt 0:01:27]} 37. Rac1 {[%emt 0:03:13]} Bd6 {[%emt 0:01:42]} 38. R7c6 {[%emt 0:01:46]} Ra8 {[%emt 0:01:27]} 39. Qc2 {[%emt 0:01:49]} Rdb8 {[%emt 0:00:55]} 40. Nb6 {[%emt 0:00:00]} Rxb6 {[%emt 0:00:00]} 41. Rxb6 {[%emt 0:01:14]} Ra1 {[%emt 0:03:34]} 42. Rd1 {[%emt 0:03:14]} Be7 {[%emt 0:00:39]} 43. Rb7 {[%emt 0:05:27]} Qd4 {[%emt 0:01:15]} 44. Rd7 {[%emt 0:00:31]} Rxd1+ {[%emt 0:00:16]} 45. Qxd1 {[%emt 0:00:06]} Qxb4 {[%emt 0:00:03]} 46. Rc7 {[%emt 0:02:22]} Bc5 {[%emt 0:03:03]} 47. Rd7 {[%emt 0:03:41]} Qc3 {[%emt 0:02:07]} 48. Rd3 {[%emt 0:01:19]} Qb2 {[%emt 0:00:15]} 49. Rd2 {[%emt 0:00:32]} Qa3 {[%emt 0:01:01]} 50. Qb1 {[%emt 0:01:10]} Bb4 {[%emt 0:04:54]} 51. Rd3 {[%emt 0:01:14]} Qa5 {[%emt 0:00:38]} 52. Qc1 {[%emt 0:00:44]} Qg5 {[%emt 0:03:37]} 53. Rd5 {[%emt 0:02:58]} Qh4 {[%emt 0:01:48]} 54. Rb5 {[%emt 0:01:21]} Be7 {[%emt 0:01:44]} 55. e5 {[%emt 0:01:35]} Kg7 {[%emt 0:03:20]} 56. Rb8 {[%emt 0:03:00]} Kh7 {[%emt 0:00:46]} 57. Qa1 {[%emt 0:01:33]} Kg7 {[%emt 0:02:08]} 58. Rc8 {[%emt 0:04:05]} Kh7 {[%emt 0:00:26]} 59. Qc1 {[%emt 0:02:09]} Ba3 {[%emt 0:01:14]} 60. Qd2 {[%emt 0:00:42]} Bb2 {[%emt 0:00:21]} 61. Rc7 {[%emt 0:01:49]} Kg8 {[%emt 0:02:00]} 62. Qe2 {[%emt 0:00:20]} Qd8 {[%emt 0:00:57]} 63. Qc4 {[%emt 0:01:19]} Kg7 {[%emt 0:00:45]} 64. Qxf7+ {[%emt 0:00:18]} Kh6 {[%emt 0:00:04]} 65. Qxf4+ {[%emt 0:01:27]} 1-0

[Event "5th EKA IIFL Investment 2019"]
[Site "Mumbai"]
[Date "2020.01.06"]
[Round "8.37"]
[White "Kaustuv, Kundu"]
[Black "Wagh Suyog"]
[Result "1/2-1/2"]
[WhiteElo "2349"]
[BlackElo "2219"]
[Annotator "RC"]
[PlyCount "106"]
[EventDate "2019.12.30"]
[EventType "swiss"]
[EventCountry "IND"]
[SourceTitle "playchess.com"]
[Source "ChessBase"]
[SourceQuality "1"]
[TimeControl "40/5400+30:1800+30"]

1. Nf3 {[%emt 0:00:00]} c5 {[%emt 0:00:00]} 2. c4 {[%emt 0:00:00]} b6 {[%emt 0:01:34]} 3. g3 {[%emt 0:02:14]} Bb7 {[%emt 0:00:07]} 4. Bg2 {[%emt 0:00:06]} Nf6 {[%emt 0:01:03]} 5. O-O {[%emt 0:00:10]} e6 {[%emt 0:00:04]} 6. Nc3 {[%emt 0:00:13]} Be7 {[%emt 0:00:19]} 7. d4 {[%emt 0:00:13]} cxd4 {[%emt 0:00:04]} 8. Qxd4 {[%emt 0:00:05]} d6 {[%emt 0:00:05]} 9. Rd1 {[%emt 0:00:50]} a6 {[%emt 0:00:07]} 10. b3 {[%emt 0:08:58]} Nbd7 {[%emt 0:00:42]} 11. Bb2 {[%emt 0:01:20]} O-O {[%emt 0:00:33]} 12. e4 {[%emt 0:03:27]} Qc7 {[%emt 0:01:12]} 13. Qe3 {[%emt 0:00:58]} Rac8 {[%emt 0:01:26]} 14. Nd4 {[%emt 0:00:47]} Rfe8 {[%emt 0:02:05]} 15. h3 {[%emt 0:01:28]} Bf8 {[%emt 0:03:18]} 16. Re1 {[%emt 0:03:58]} Qb8 {[%emt 0:02:21]} 17. Rad1 {[%emt 0:00:51]} Rcd8 {[%emt 0:12:44]} 18. Qe2 {[%emt 0:06:14]} Qa8 {[%emt 0:08:59]} 19. Kh2 {[%emt 0:00:39]} Qb8 20. Nc2 {[%emt 0:04:33]} g6 {[%emt 0:41:41]} 21. Ne3 {[%emt 0:04:40]} Bg7 {[%emt 0:03:46]} 22. b4 {[%emt 0:04:14]} h5 {[%emt 0:04:21]} 23. Kg1 {[%emt 0:05:36]} h4 {[%emt 0:02:48]} 24. g4 {[%emt 0:09:03]} g5 {[%emt 0:00:02]} 25. Qc2 {[%emt 0:03:22]} Ne5 {[%emt 0:00:54]} 26. Na4 {[%emt 0:03:17]} Bc6 {[%emt 0:03:28]} 27. Bd4 {[%emt 0:09:43]} Nfd7 {[%emt 0:00:35]} 28. Nc3 {[%emt 0:03:51]} Ng6 {[%emt 0:02:36]} 29. Bxg7 {[%emt 0:00:07]} Kxg7 {[%emt 0:00:05]} 30. b5 {[%emt 0:04:44]} Bb7 {[%emt 0:01:32]} 31. Qb2 {[%emt 0:01:31]} Nde5 {[%emt 0:01:17]} 32. Rd4 {[%emt 0:01:09]} axb5 {[%emt 0:01:23]} 33. Nxb5 {[%emt 0:00:21]} Bc6 {[%emt 0:00:15]} 34. Red1 {[%emt 0:01:30]} Bxb5 {[%emt 0:00:25]} 35. cxb5 {[%emt 0:00:09]} f6 {[%emt 0:00:31]} 36. Qb4 {[%emt 0:02:36]} Nf4 {[%emt 0:02:34]} 37. Rxd6 {[%emt 0:00:23]} Rxd6 {[%emt 0:00:16]} 38. Qxd6 {[%emt 0:00:36]} Qa7 {[%emt 0:01:51]} 39. a3 {[%emt 0:07:32]} Rc8 {[%emt 0:00:52]} 40. Kh2 {[%emt 0:00:00]} Qb7 {[%emt 0:00:00]} 41. Rd4 {[%emt 0:04:54]} Nf7 {[%emt 0:19:11]} 42. Qb4 {[%emt 0:03:08]} Ne5 {[%emt 0:01:57]} 43. Qd6 {[%emt 0:02:51]} Kf7 {[%emt 0:04:30]} 44. a4 {[%emt 0:02:23]} Qc7 {[%emt 0:02:24]} 45. Qxc7+ {[%emt 0:01:06]} Rxc7 {[%emt 0:00:01]} 46. Rd6 {[%emt 0:00:45]} Rb7 {[%emt 0:01:02]} 47. Rd8 {[%emt 0:00:34]} Ke7 {[%emt 0:01:41]} 48. Rh8 {[%emt 0:01:31]} Ra7 {[%emt 0:01:23]} 49. Nc4 {[%emt 0:03:23]} Rxa4 {[%emt 0:00:56]} 50. Rh7+ {[%emt 0:08:08]} Nf7 {[%emt 0:00:34]} 51. Nxb6 {[%emt 0:00:07]} Rd4 {[%emt 0:02:23]} 52. e5 {[%emt 0:00:59]} fxe5 {[%emt 0:01:06]} 53. Bc6 {[%emt 0:01:49]} Rd2 {[%emt 0:00:53]} 1/2-1/2

[Event "5th EKA IIFL Investment 2019"]
[Site "Mumbai"]
[Date "2020.01.06"]
[Round "8.38"]
[White "Bharat Kumar Reddy Poluri"]
[Black "Parnali, S Dharia"]
[Result "0-1"]
[WhiteElo "2337"]
[BlackElo "2102"]
[Annotator "TA"]
[PlyCount "108"]
[EventDate "2019.12.30"]
[EventType "swiss"]
[EventCountry "IND"]
[SourceTitle "playchess.com"]
[Source "ChessBase"]
[SourceQuality "1"]

{[%evp 19,108,31,39,32,24,0,0,-8,0,-12,-16,-23,-10,-88,0,0,0,0,39,36,148,146,207,218,212,211,231,206,191,159,171,164,200,93,89,39,46,76,74,76,27,-31,-15,-67,-70,-363,-369,-351,-83,-1237,-1237,-4133,-3264,-768,-625,-583,-203,-428,-403,-427,-429,-426,-416,-416,-396,-427,-305,-893,-887,-874,-869,-868,-858,-818,-808,-826,-836,-680,-811,-770,-770,-716,-29962,-8101,-8101,-29967,-29966,-29986,-29987,-29987,-29988]} 1. e4 e5 2. Nf3 Nc6 3. Bb5 a6 4. Ba4 Nf6 5. O-O b5 6. Bb3 Bc5 7. c3 d6 8. d4 Bb6 9. a4 Rb8 10. axb5 axb5 11. Na3 {C78: Ruy Lopez: Archangelsk and Möller Defences} Bg4 (11... O-O 12. Nxb5 Bg4 13. Be3 exd4 14. cxd4 Nxe4 15. h3 Bf5 16. Nc3 h6 17. Bd5 Nxc3 18. bxc3 Ne7 19. Bb3 c5 20. Re1 cxd4 21. Nxd4 Bg6 22. Bf4 Bc5 23. Ba4 Rb2 24. Qf3 Bxd4 25. cxd4 Nf5 26. Be3 Nxe3 27. Qxe3 {½-½ (27) Vachier Lagrave,M (2777)-Grischuk,A (2764) Hamburg 2019}) 12. d5 Ne7 {[%cal Bc6e7,Be7g6,Bg6f4][%mdl 32]} 13. Bc2 {The position is equal.} Ng6 14. h3 Bd7 15. Bd3 O-O 16. Qc2 (16. Nc2 $11) 16... Nh5 (16... Qe8 $17) 17. Bxb5 $11 Bxb5 18. Nxb5 Ngf4 19. c4 $146 Qf6 (19... f5 $14 20. exf5 Qd7) 20. Kh2 $1 $16 ({Much worse is} 20. Bxf4 $6 Nxf4 21. Ne1 Qg5 $14) 20... g5 (20... Qh6 $16 {was called for.} 21. Ng1 Nf6) 21. Ra3 $1 $18 Kh8 22. g4 $1 {[%cal Rg4h5]} Rg8 23. Rg1 Ng7 24. Bxf4 Qxf4+ 25. Kg2 $1 Ne8 26. b4 (26. Nh2 $18 {Strongly threatening Rf3.} Qf6 27. b4) 26... Nf6 $16 27. c5 Bxc5 $1 28. bxc5 Rxb5 29. cxd6 cxd6 30. Nd2 (30. Re3 $11) 30... Rc5 $15 31. Qd3 ({White should play} 31. Nc4 $1 $11) 31... h5 32. Qe2 $2 {[%mdl 8192]} (32. Re1 $15) 32... hxg4 $19 33. hxg4 {Rf3 is the strong threat.} Kg7 $2 ({Stronger than} 33... Qxg4+ 34. Qxg4 Nxg4 35. Rh3+ Kg7 36. Kf3 $11) ({Don't blunder} 33... Nxg4 $2 34. Rh1+ Kg7 35. Rf3 $18) (33... Rc2 $19 {has better winning chances.} 34. Rd1 Kg7) 34. Nc4 $2 {[%mdl 8192]} (34. Nf1 $17) 34... Rh8 {( -> ...Rh2+)} 35. Rh3 Rxh3 36. Kxh3 Nxe4 37. Ne3 Qxf2 $2 $40 {[%mdl 128] Black wants a kill.} (37... Nxf2+ 38. Kg2 Rc3 39. Nf5+ Kh7 40. Qxf2 Qe4+ {[%mdl 64] Double Attack} 41. Kh2 Rc2 $1 {[%mdl 512]} 42. Qxc2 Qxc2+ 43. Rg2 Qc5) 38. Nf5+ $2 {[#]} (38. Qxf2 Nxf2+ 39. Kg2) 38... Kf6 $1 39. Qxf2 Nxf2+ {[%mdl 4096] Endgame KRN-KRN} 40. Kg3 Ne4+ 41. Kf3 {[#]} Nc3 $1 42. Nxd6 Rxd5 43. Ne8+ $2 (43. Ne4+ Nxe4 44. Kxe4 Rd4+ 45. Ke3) 43... Ke7 44. Ng7 e4+ 45. Kf2 Kf6 46. Nf5 Ke5 47. Rc1 Rd3 48. Ne3 Rd2+ 49. Kf1 Kd4 50. Nf5+ Kd3 51. Re1 Rd1 52. Nd6 f6 {Black mates.} 53. Ne8 Kd2 54. Rxd1+ Kxd1 {Accuracy: White = 30%, Black = 54%.} 0-1

[Event "5th EKA IIFL Investment 2019"]
[Site "Mumbai"]
[Date "2020.01.06"]
[Round "8.39"]
[White "Praveen Kumar C"]
[Black "Srijit, Paul"]
[Result "1-0"]
[WhiteElo "2199"]
[BlackElo "2318"]
[Annotator "TA"]
[PlyCount "81"]
[EventDate "2019.12.30"]
[EventType "swiss"]
[EventCountry "IND"]
[SourceTitle "playchess.com"]
[Source "ChessBase"]
[SourceQuality "1"]

{[%evp 18,81,44,37,32,40,37,31,37,-8,-2,-20,7,0,57,7,11,16,30,-35,-29,-49,-47,-86,22,28,131,131,118,122,275,137,135,112,100,109,147,142,212,187,276,215,337,315,359,364,297,293,356,361,339,254,383,384,952,952,2112,1511,2055,1630,711,711,2083,698,691,691]} 1. d4 f5 2. Nf3 Nf6 3. g3 g6 4. Bg2 Bg7 5. O-O O-O 6. b3 Ne4 7. Bb2 c5 8. e3 Nc6 9. c4 d6 10. Nbd2 Qa5 {E60: King's Indian: Unusual lines and Fianchetto Variation without Nc3} (10... e5 11. dxe5 Nxd2 12. Qxd2 dxe5 13. Qd5+ Qxd5 14. cxd5 Nb4 15. Nxe5 Re8 16. Nc4 Bxb2 17. Nxb2 b6 18. a3 {1-0 (38) Wojtaszek,R (2736)-Sadzikowski,D (2584) Katowice 2017}) 11. Nxe4 fxe4 12. Ne1 Bf5 {White is slightly better.} 13. Nc2 g5 14. h3 b5 15. Qe2 a6 (15... Rab8 $11) 16. a3 (16. f3 $5 {[%cal Rf3e4]}) 16... bxc4 17. Qxc4+ Kh8 18. a4 (18. Rab1 $11) 18... Rac8 $146 19. Qe2 Rb8 20. Qc4 Rfc8 (20... Qd2 $17 {Threatens to win with ...Qd3.} 21. Rad1 Na5 {[%mdl 64] Double Attack} 22. Rxd2 Nxc4 23. bxc4 Rxb2) 21. Bc3 $11 d5 (21... Qc7 $11 {remains equal.}) 22. Qxd5 $16 {[%mdl 64] Double Attack} Qxc3 23. Qxf5 e6 $2 {[#]} (23... Rf8 $16 24. Qxe4 Na5) 24. Qxe4 (24. Qg4 $1 $18 {and the rest is easy.}) 24... cxd4 25. Nxd4 Nxd4 26. exd4 Qxd4 27. Qxe6 Rf8 (27... Qb6 $16 28. Qxb6 Rxb6) 28. Rad1 Qb2 (28... Qb6 {keeps fighting.} 29. Qxb6 Rxb6) 29. Rd7 Rxb3 (29... Qf6 {is a better defense.} 30. Qxf6 Bxf6) 30. Qxa6 $18 Ra3 31. Qa7 Qe5 32. Rd5 Qf6 33. a5 {[%cal Ba4a5,Ba5a6][%mdl 32]} Ra2 34. Qb6 Qc3 (34... Qxb6 {was called for.} 35. axb6 Rb2) 35. a6 {[#] And now Rd8 would win.} Qa3 $2 (35... Qf6 36. Rd6 Qe7) 36. Rd8 {White is clearly winning.} Qe7 37. Rxf8+ Bxf8 38. Rc1 Qd6 39. Rc6 Qb4 40. Qxb4 (40. Qe3 $142 Qe7 41. Qf3) 40... Bxb4 41. Rc8+ {Accuracy: White = 49%, Black = 27%.} 1-0

[Event "5th EKA IIFL Investment 2019"]
[Site "Mumbai"]
[Date "2020.01.06"]
[Round "8.40"]
[White "Rohith, Krishna S"]
[Black "Tarini Goyal"]
[Result "1-0"]
[WhiteElo "2306"]
[BlackElo "2098"]
[Annotator "TA"]
[PlyCount "67"]
[EventDate "2019.12.30"]
[EventType "swiss"]
[EventCountry "IND"]
[SourceTitle "playchess.com"]
[Source "ChessBase"]
[SourceQuality "1"]

{[%evp 18,91,34,25,40,34,34,39,47,36,64,65,70,64,72,81,72,59,79,79,82,63,77,64,76,67,85,82,79,72,98,95,95,93,102,92,101,77,78,87,97,97,102,75,83,78,142,87,129,155,142,137,141,89,95,85,159,150,145,142,148,128,368,357,646,632,619,610,749,754,741,739,716,664,637,645]} 1. d4 Nf6 2. c4 e6 3. Nf3 d5 4. Nc3 Be7 5. g3 dxc4 6. Bg2 O-O 7. O-O c5 8. dxc5 Nc6 9. Qa4 Qa5 10. Qxc4 Qxc5 {E05: Open Catalan: 5 Nf3 Be7} 11. Qxc5 Bxc5 12. Bf4 Bd7 {White is slightly better.} 13. Rac1 Be7 (13... Rac8 14. Nb5 Be7 15. Rfd1 e5 16. Nxe5 Nxe5 17. Rxc8 Rxc8 18. Nxa7 {1-0 (55) Rausis,I (2651)-Gascon del Nogal,J (2471) Sautron 2018}) 14. Ne5 Nxe5 15. Bxe5 Bc6 16. Bxc6 bxc6 17. Na4 Rac8 18. Bxf6 Bxf6 19. Rfd1 $146 Rc7 20. Kg2 g6 21. f4 Rb8 22. b3 Be7 23. Rc4 Rd8 24. Rxd8+ Bxd8 $16 {[%mdl 4096] Endgame KRB-KRN} 25. Nc5 Be7 26. Na6 Rc8 27. Kf3 Kf8 28. b4 {[%cal Bb3b4,Bb4b5][%mdl 32]} Ke8 29. b5 c5 30. e4 f6 31. a4 Kf7 (31... Rd8 $142) 32. Ke3 ({Better is} 32. e5) 32... e5 33. fxe5 fxe5 {[#]} 34. Kd3 {Played: Na6-b4} 1-0

[Event "5th EKA IIFL Investment 2019"]
[Site "Mumbai"]
[Date "2020.01.06"]
[Round "8.41"]
[White "Kulkarni, Vinayak"]
[Black "Senthil, Maran K"]
[Result "1-0"]
[WhiteElo "2167"]
[BlackElo "2305"]
[Annotator "ChessBase"]
[PlyCount "65"]
[EventDate "2019.12.30"]
[EventType "swiss"]
[EventCountry "IND"]
[SourceTitle "playchess.com"]
[Source "ChessBase"]
[SourceQuality "1"]
[TimeControl "40/5400+30:1800+30"]

1. d4 {[%emt 0:07:39]} d5 {[%emt 0:00:00]} 2. c4 {[%emt 0:00:06]} c6 {[%emt 0:00:00]} 3. Nc3 {[%emt 0:00:09]} Nf6 {[%emt 0:00:00]} 4. e3 {[%emt 0:00:05]} e6 {[%emt 0:00:04]} 5. Nf3 {[%emt 0:00:06]} Nbd7 {[%emt 0:00:06]} 6. Qc2 {[%emt 0:00:07]} Bd6 {[%emt 0:00:02]} 7. b3 {[%emt 0:00:12]} O-O {[%emt 0:00:08]} 8. Be2 {[%emt 0:00:06]} b6 {[%emt 0:00:08]} 9. O-O {[%emt 0:00:09]} Bb7 {[%emt 0:00:05]} 10. Bb2 {[%emt 0:00:12]} Qe7 {[%emt 0:00:07]} 11. Rad1 {[%emt 0:00:10]} Rad8 {[%emt 0:00:06]} 12. Rfe1 {[%emt 0:00:07]} Rfe8 {[%emt 0:00:05]} 13. Bf1 {[%emt 0:00:09]} e5 {[%emt 0:00:12]} 14. dxe5 {[%emt 0:00:54]} Nxe5 {[%emt 0:00:04]} 15. Nd4 {[%emt 0:00:57]} dxc4 {[%emt 0:00:09]} 16. Nf5 {[%emt 0:00:59]} Qe6 {[%emt 0:00:06]} 17. Rxd6 {[%emt 0:01:15]} Rxd6 {[%emt 0:00:15]} 18. Nxd6 {[%emt 0:00:22]} Qxd6 {[%emt 0:00:02]} 19. Rd1 {[%emt 0:02:58]} cxb3 {[%emt 0:03:26]} 20. axb3 {[%emt 0:00:38]} Qe7 {[%emt 0:02:44]} 21. Ne4 {[%emt 0:11:34]} Nd5 {[%emt 0:06:24]} 22. Ng3 {[%emt 0:06:33]} g6 {[%emt 0:19:32]} 23. Qd2 {[%emt 0:18:09]} Qb4 {[%emt 0:03:46]} 24. Qxb4 {[%emt 0:07:28]} Nxb4 {[%emt 0:00:23]} 25. Ne4 {[%emt 0:01:24]} Ng4 {[%emt 0:21:43]} 26. h3 {[%emt 0:02:55]} Nh6 {[%emt 0:02:29]} 27. Nf6+ {[%emt 0:04:12]} Kf8 {[%emt 0:00:15]} 28. Nxe8 {[%emt 0:01:09]} Kxe8 {[%emt 0:01:28]} 29. e4 {[%emt 0:01:29]} Ke7 {[%emt 0:05:03]} 30. Bc1 {[%emt 0:03:01]} Ng8 {[%emt 0:00:18]} 31. Bc4 {[%emt 0:00:30]} Bc8 {[%emt 0:00:40]} 32. Bg5+ {[%emt 0:00:43]} f6 {[%emt 0:00:06]} 33. Bf4 {[%emt 0:01:14]} 1-0